Přeskočit na obsah

Управление продажами методическое пособие (курс лекций)

Пособие предназначено для помощи студентам в приобретении теоретических знаний и практических навыков по дисциплине «Управление продажами». Управление продажами раскрывается как система, включающая элементы, взаимодействие которых обеспечивает прибыльные продажи компаний. Основное внимание уделяется...

Celý popis

Uloženo v:
Podrobná bibliografie
Hlavní autor: Смирнова, И. Ю. (070)
Médium: Книга
Témata:
On-line přístup:Перейти к просмотру издания
Tagy: Přidat tag
Žádné tagy, Buďte první, kdo otaguje tento záznam!
LEADER 02880nam0a2200421 4500
001 RU/IPR SMART/86421
856 4 |u https://www.iprbookshop.ru/86421.html  |z Перейти к просмотру издания 
801 1 |a RU  |b IPR SMART  |c 20250903  |g RCR 
010 |a 2227-8397 
205 |a Управление продажами  |b 2029-04-01 
333 |a Гарантированный срок размещения в ЭБС до 01.04.2029 (автопролонгация) 
100 |a 20250903d2018 k y0rusy01020304ca 
105 |a y j 000zy 
101 0 |a rus 
102 |a RU 
200 1 |a Управление продажами  |e методическое пособие (курс лекций)  |f И. Ю. Смирнова 
700 1 |a Смирнова,   |b И. Ю.  |4 070 
330 |a Пособие предназначено для помощи студентам в приобретении теоретических знаний и практических навыков по дисциплине «Управление продажами». Управление продажами раскрывается как система, включающая элементы, взаимодействие которых обеспечивает прибыльные продажи компаний. Основное внимание уделяется вопросам построения эффективной системы управления продажами, формирования стратегии продаж, мотивации продаж, финансам и информационным технологиям управления продажами. Пособие «Управление продажами» предназначено для студентов экономических специальностей высших учебных заведений. 
210 |a Симферополь  |c Университет экономики и управления  |d 2018 
610 1 |a управление продажей 
610 1 |a менеджмент продаж 
610 1 |a система маркетинга 
610 1 |a концепция товара 
610 1 |a стратегия продвижения 
610 1 |a потребность клиента 
610 1 |a организационная культура 
610 1 |a торговый персонал 
610 1 |a презентация товара 
610 1 |a мерчандайзинг 
675 |a 658.62 
686 |a 65.424  |2 rubbk 
300 |a Книга находится в премиум-версии IPR SMART. 
106 |a s 
230 |a Электрон. дан. (1 файл) 
336 |a Текст 
337 |a электронный 
503 0 |a Доступна эл. версия. IPR SMART 
215 |a 186 с.